| 000 | 00622nam a22002297a 4500 | ||
|---|---|---|---|
| 003 | OSt | ||
| 005 | 20170215185720.0 | ||
| 008 | 140929b xxu||||| |||| 00| 0 eng d | ||
| 020 | _a 9780073403953 | ||
| 020 | _a9780071106795 | ||
| 040 | _cDNLM | ||
| 082 | _a336 JON 2008 | ||
| 100 |
_aJones Sally M. _91361 |
||
| 245 | _aPrinciples of Taxation for Business and Investment Planning | ||
| 250 | _a2007 ed. | ||
| 260 |
_aBoston; _bMcGraw-Hill, _c2008. |
||
| 300 |
_axxvii, 545 p : _bill ; _c28 cm |
||
| 504 | _aIncludes index. | ||
| 650 |
_aTaxation. _91362 |
||
| 650 |
_aInvestment planning _911600 |
||
| 942 |
_2z _cSLOAN |
||
| 999 |
_c527 _d527 |
||